000 nam a22 7a 4500
999 _c9974
_d9974
008 180209b ||||| |||| 00| 0 eng d
100 _aDaly, A
_95998
245 _aThe elves and the shoemaker
260 _aLondon
_bLadybird Publication
_c1993